Bioplynové stanice s mokrým procesem

Saved in:
Bibliographic Details
Main Author: Kouďa, Jaroslav (Author)
Format: Book
Language:Czech
Published: Praha : ČKAIT , 2008
Edition:1. vyd.
Subjects:
Tags: Add Tag
No Tags, Be the first to tag this record!

MARC

LEADER 00000nam a22000003a 4500
001 stu177001
005 20150617230046.4
008 081208s2008----xr------------------cze-d
020 |a 978-80-87093-33-7 
040 |a STU  |b slo 
041 0 |a cze 
044 |a xr 
080 |a 662.767.2 
080 |a 628.336.6 
080 |a 621.6.057 
100 1 |a Kouďa, Jaroslav  |4 aut 
245 1 |a Bioplynové stanice s mokrým procesem 
250 |a 1. vyd. 
260 |a Praha :  |b ČKAIT ,  |c 2008 
300 |a 119 s 
650 7 |a bioplyn ako palivo  |2 stusub 
650 7 |a kalový plyn  |2 stusub 
650 7 |a ventilačné zariadenia  |2 stusub 
650 7 |a bioplyn  |2 stusub 
996 |b 284M069541  |c M*12413-1  |l MMST  |s A  |a 24  |w stu177001_0001 
996 |b 284M069542  |c M*12413-2  |l MMKN  |s A  |a 24  |w stu177001_0002 
996 |b 284M069543  |c M*12413-3  |l MMKN  |s A  |a 24  |w stu177001_0003 
996 |b 284J034747  |c J*110547  |l JJST  |s P  |a 0  |w stu177001_0004